Countries with the most Japanese residents - Statistics

General Stats
  • This quiz has been taken 37 times
  • The average score is 9 of 10
Answer Stats
People Country % Correct
102.070 China
100%
65.020 United Kingdom
100%
418.840 USA
100%
74.360 Canada
95%
42.270 Germany
95%
94.940 Australia
90%
41.720 South Korea
90%
36.100 France
86%
47.470 Brazil
76%
78.430 Thailand
71%
No matching quizzes found
Score Distribution
Percent of People with Each Score
Percentile by Number Answered
Your Score History
You have not taken this quiz